00902cam a22002775a 4500001000500000005001700005020001800022040002300040050002300063082000900086100001900095245003400114250003200148260003000180300004100210505000800251520016900259521002000428521002000448650002100468650003000489650002700519650002200546650002500568655003100593320620240219145050.0 a9780545097390 aDLCcDLCdDLCbeng00aPZ7.J154365b 200900a423 1 aJames, Sabrina10aBe mine /cby James, Sabrina  aFirst edition, January 2009 aNew York :bPoint ,c2009 a323 pages :billustrations ;c18cm . aO  aWhen she brags that she is entering the competition for the most romantic couple of the Valentine's Day Dance, Jennifer has only one problem--she needs a boyfriend. a600 bLexile  aO bRaz-Plus  1aDatingvFiction. 1aValentine's DayvFiction. 1aHigh schoolsvFiction. 1aSchoolsvFiction. 1aFriendshipvFiction. 7aYoung adult fiction.2lcsh